000 00782nam a2200217Ia 4500
999 _c39903
_d39903
001 6508
003 GE_BSU
005 20191121143856.0
008 181216s1978||||g |||||||||||||| ||geo||
040 _cGE_BSU
041 _ageo
080 _a821.353.1-1 გ-12
100 _aგაბრიჩიძე, ნელი.
_95497
245 _aკორჯის იები :
_bლექსები /
_cნელი გაბრიჩიძე ; რედ. გ. ჯულურიძე.
264 _aთბილისი :
_bმერანი,
_c1978.
300 _a82 გვ. ;
_c17 სმ.
653 _aკორჯის იები
653 _aლექსები
700 _aჯულურიძე, გ.
_eრედაქტორი
_95499
942 _cBK
_2udc